Central Library OPAC University of Rajshahi

পাকিস্তানী রাজনীতির বিশ বছর / (Record no. 26568)

MARC details
000 -LEADER
fixed length control field 01034cam a22002531 4500
001 - CONTROL NUMBER
control field 26568
003 - CONTROL NUMBER IDENTIFIER
rucl marc code BD-RjUL
005 - DATE AND TIME OF LATEST TRANSACTION
control field 20211209051032.0
008 - FIXED-LENGTH DATA ELEMENTS--GENERAL INFORMATION
fixed length control field 161112s1981 bg b 001 0 ben
035 ## - SYSTEM CONTROL NUMBER
System control number (BD-RjUL)26638
System control number (OCoLC)413107
040 ## - CATALOGING SOURCE
Original cataloging agency DLC
Transcribing agency OBgU
Modifying agency OCoLC
-- NBrockU
-- DLC
-- BD-RjUL
Language of cataloging eng
041 ## - LANGUAGE CODE
Language code of text/sound track or separate title eng
082 ## - DEWEY DECIMAL CLASSIFICATION NUMBER
Edition number 23
Classification number 320.95491
Author mark and year HOP 1981
100 1# - MAIN ENTRY--PERSONAL NAME
Personal name হোসেন, তফাজ্জল
9 (RLIN) 81180
245 10 - TITLE STATEMENT
Title পাকিস্তানী রাজনীতির বিশ বছর /
Statement of responsibility, etc. তফাজ্জল হোসেন ( মানিক মিয়া)
260 ## - PUBLICATION, DISTRIBUTION, ETC. (IMPRINT)
Place of publication, distribution, etc. ঢাকা :
Name of publisher, distributor, etc. বাংলাদেশ বুকস,
Date of publication, distribution, etc. ১৯৮১
300 ## - PHYSICAL DESCRIPTION
Pagination [৪০], ১৯৪ পৃ. ;
Size ২১ সেমি.
650 ## - SUBJECT ADDED ENTRY--TOPICAL TERM
Topical term or geographic name as entry element রাজনৈতিক ইতিহাস
Geographic subdivision পাকিস্তান
9 (RLIN) 163646
Topical term or geographic name as entry element Political History
Geographic subdivision Pakistan
9 (RLIN) 163647
700 ## - ADDED ENTRY--PERSONAL NAME
Personal name হাফিজ, আবদুল, সম্পাদক
942 ## - ADDED ENTRY ELEMENTS (KOHA)
Source of classification or shelving scheme Dewey Decimal Classification
Koha item type Books
Holdings
Lost status Source of classification or shelving scheme Damaged status Not for loan Collection code Permanent Location Current Location Shelving location Date acquired Source of acquisition Cost, normal purchase price Total Checkouts Full call number Date last seen Copy number Koha item type Checked out Date checked out
  Dewey Decimal Classification     Non-fiction Central Library, University of Rajshahi Central Library, University of Rajshahi   22/04/1981 Bangla Academy, Dhaka. 40.00   B 320.95491 HOP 1981 12/11/2016 C-2 Books    
  Dewey Decimal Classification     Non-fiction Central Library, University of Rajshahi Central Library, University of Rajshahi   30/06/1981 Ureka Book Akademi, Rajshahi 25.00 3 B 320.95491 HOP 1981 25/03/2026 C-3 Books 08/06/2026 25/03/2026